000 nam a22 a 4500
999 _c593
_d593
003 AKMAL
005 20170504121529.0
008 170504s1995 my 00 may d
020 _a983720141X (kkt.):
_cRM 22.50
040 _aAKMAL
082 0 4 _a158.1 CAR
090 _a158.1
_bCAR
100 1 _aCarnegie, Dale,
_d1888-1955
_91308
245 1 0 _aKe arah hidup tenteram dan bahagia = how to stop worrying and start living /
_cDale Carnegie
250 _aEdisi bahasa Malaysia
260 _aKuala Lumpur :
_bGolden Books Centre,
_c1995
300 _axix, 427ms. ;
_c22cm
500 _aTerjemahan dari: How to stop worrying and start living
650 _aConduct of life
_9472
650 _aWorry
_91309
650 _aSuccess
_92
942 _2ddc
_cBOOK